Statistiques concernant Les Français au Ballon d'Or depuis 2003

Cliquez ici pour prendre le quiz!

Statistiques générales

  • Ce quiz a été pris 120 fois
  • Le résultat moyen est 20 sur 55

Statistiques - réponses

AnnéeClassementRéponse% Correct
20233Mbappé
99%
20221Benzema
79%
202316Benzema
75%
20226Mbappé
71%
202321Griezmann
67%
20214Benzema
55%
20183Griezmann
54%
20196Mbappé
50%
20184Mbappé
50%
20219Mbappé
50%
201918Griezmann
47%
20163Griezmann
46%
20215Kanté
45%
20187Varane
45%
20133Ribéry
44%
202328Kolo Muani
43%
201815Pogba
42%
20063Henry
40%
201811Kanté
40%
201829Lloris
40%
20032Henry
39%
201926Benzema
36%
201817Benzema
36%
201725Benzema
36%
20177Mbappé
34%
201718Griezmann
33%
20065Zidane
33%
20035Zidane
32%
20054Henry
31%
201614Pogba
31%
201520Benzema
29%
201416Benzema
29%
20044Henry
29%
20178Kanté
29%
201923Lloris
29%
201422Pogba
29%
201515Pogba
29%
202225Maignan
28%
201221Benzema
27%
202225Nkunku
27%
200423Zidane
27%
200518Zidane
27%
200719Henry
25%
201617Payet
25%
201120Benzema
24%
200613Ribéry
22%
200915Henry
21%
200816Ribéry
20%
200614Vieira
20%
200928Ribéry
18%
200717Ribéry
18%
200920Gourcuff
16%
201118Abidal
15%
200513Makélé
13%
200424Giuly
9%

Distribution des résultats

Percentile par nombre de réponses

% des personnes avec chaque résultat

Votre développement - résultats

Vous n’avez pas pris ce quiz